=LDR 00000nam 2200000 4500 =001 INLIS000000000046215 =005 20200213033229 =035 ##$$a 0010-021500000000776 =008 200213################g##########0#ind## =020 ##$$a 978-602-98553-8-8 =040 ##$$a NBPDMAT =090 ##$$a 128.5 $b Har b =100 ##$$a Harry Van Yogya =245 1#$$a Becak Way : $b Ngudoroso Inspliratif di Jalan Becek /$c Harry Van Yogya; Editor, A. mellyora =250 ##$$a Cet.1 =260 ##$$a Solo :$b Metagraf,$c 2011 =300 ##$$a xvi, 184 hlm. : $b ilus. ; $c 13 x 20 Cm =082 ##$$a 153.8 =084 ##$$a 128.5 HAR b =650 #4$$a Filosof kehidupan =504 ##$$a Biografi : hlm. 183 - 184 =990 ##$$a 21424144 =990 ##$$a 21424145 =990 ##$$a 21424146 =990 ##$$a 31900162 =990 ##$$a 31900162 =990 ##$$a 21424144 =990 ##$$a 21424145 =990 ##$$a 21424146 =990 ##$$a 21424146 =990 ##$$a 21424144 =990 ##$$a 21424145 =990 ##$$a 31900162 =990 ##$$a 21424145 =990 ##$$a 21424144 =990 ##$$a 21424146 =990 ##$$a 31900162 =990 ##$$a 21424144 =990 ##$$a 21424145 =990 ##$$a 21424146 =990 ##$$a 31900162